A Royal Tokaji Borászat gazdasági elemzése és a Tokaj-hegyaljai borvidék bemutatása

Bibliográfiai részletek
Szerző: Márton Dániel Antal
További közreműködők: Király László Tibor
Dokumentumtípus: Diplomadolgozat
Kulcsszavak:Borvidék, Tokaj-Hegyalja
Bor, tokaji
UNESCO Világörökség
Borászat, Royal Tokaji
Elemzés, gazdálkodási
Online Access:http://dolgozattar.uni-bge.hu/59317

MARC

LEADER 00000nta a2200000 i 4500
001 dolg59317
005 20260109132055.0
008 260108suuuu hu om 000 hun d
040 |a BGE Dolgozattár Repozitórium  |b hun 
041 |a hu 
100 1 |a Márton Dániel Antal 
245 1 2 |a A Royal Tokaji Borászat gazdasági elemzése és a Tokaj-hegyaljai borvidék bemutatása  |c Márton Dániel Antal  |h [elektronikus dokumentum] 
695 |a Borvidék, Tokaj-Hegyalja 
695 |a Bor, tokaji 
695 |a UNESCO Világörökség 
695 |a Borászat, Royal Tokaji 
695 |a Elemzés, gazdálkodási 
700 1 |a Király László Tibor  |e ths 
856 4 0 |u http://dolgozattar.uni-bge.hu/59317/1/Marton-Daniel-Antal.pdf  |z Dokumentum-elérés